|
|
|
|
| LEADER |
00710nam a2200253 a 4500 |
| 001 |
adlib96000001 |
| 003 |
ViArRB |
| 005 |
20151026132746.0 |
| 008 |
960221s1955 dcuabcdjdbkoqu001 0deng d |
| 020 |
|
|
|
| 022 |
|
|
|
| 040 |
|
|
|a Adlib
|
| 082 |
|
|
|a 338.45
|
| 245 |
|
|
|a Knowledge Industries: Levers of Economic and Social Development in the 1990s
|
| 250 |
|
|
|
| 260 |
|
|
|a London
|b ASLIB
|c 1990
|
| 300 |
|
|
|a ix, 332 p.
|
| 500 |
|
|
|a
|
| 100 |
|
|
|a Blaise Cronin and Neva Tudor-Silovic
|
| 700 |
|
|
|
| 942 |
|
|
|c BK
|6 _
|
| 653 |
|
|
|a Levers of Economic and Social Development
|
| 999 |
|
|
|c 55221
|d 55221
|
| 952 |
|
|
|0 0
|1 0
|4 0
|6 33845_CRO
|7 0
|9 68131
|a UL
|b UL
|d 2010-06-19
|o 338.45 CRO
|p 00038685
|r 2010-06-19
|w 2010-06-19
|y BK
|